000 00540nam a2200217Ia 4500
003 OSt
005 20220926035640.0
006 a|||||r|||| 00| 0
007 ta
008 220923b |||||||| |||| 00| 0 eng d
037 _cGeneral Book
040 _aRTL
_cRTL
_beng
041 _2eng
_aeng
082 _aXxL76,2, J7
100 _aMalthus T R
245 0 _aMeasure of value
260 _c1957
490 _aReprints of Economic Classics
942 _hXxL76,2, J7
_cGB
_2CC
999 _c662769
_d662769